|
|
|
|
| LEADER |
01440nam a2200397Ia 4500 |
| 001 |
EBC434977 |
| 003 |
MiAaPQ |
| 005 |
20200520144314.0 |
| 006 |
m o d | |
| 007 |
cr cn||||||||| |
| 008 |
090209s2009 nyua s 001 0 eng d |
| 010 |
|
|
|z 2009004734
|
| 020 |
|
|
|z 9780814413746
|
| 020 |
|
|
|z 0814413749
|
| 035 |
|
|
|a (MiAaPQ)EBC434977
|
| 035 |
|
|
|a (Au-PeEL)EBL434977
|
| 035 |
|
|
|a (CaPaEBR)ebr10294826
|
| 035 |
|
|
|a (CaONFJC)MIL209140
|
| 035 |
|
|
|a (OCoLC)404243462
|
| 040 |
|
|
|a MiAaPQ
|c MiAaPQ
|d MiAaPQ
|
| 050 |
|
4 |
|a HD58.9
|b .L545 2009
|
| 082 |
0 |
4 |
|a 658.4/012
|2 22
|
| 100 |
1 |
|
|a Leibner, Josh.
|
| 245 |
1 |
4 |
|a The power of strategic commitment
|h [electronic resource] :
|b achieving extraordinary results through total alignment and engagement /
|c Josh Leibner, Gershon Mader, Alan Weiss.
|
| 260 |
|
|
|a New York :
|b American Management Association,
|c c2009.
|
| 300 |
|
|
|a xvii, 265 p. :
|b ill.
|
| 500 |
|
|
|a Includes index.
|
| 533 |
|
|
|a Electronic reproduction. Ann Arbor, MI : ProQuest, 2015. Available via World Wide Web. Access may be limited to ProQuest affiliated libraries.
|
| 650 |
|
0 |
|a Organizational effectiveness.
|
| 650 |
|
0 |
|a Strategic planning.
|
| 650 |
|
0 |
|a Management.
|
| 655 |
|
4 |
|a Electronic books.
|
| 700 |
1 |
|
|a Mader, Gershon.
|
| 700 |
1 |
|
|a Weiss, Alan,
|d 1946-
|
| 710 |
2 |
|
|a ProQuest (Firm)
|
| 856 |
4 |
0 |
|u https://ebookcentral.proquest.com/lib/matrademy/detail.action?docID=434977
|z Click to View
|